000 00289nam a2200121 a 4500
008 101026s1964|||| d
100 1 _aMauriacm , Francois
245 1 0 _aThéresé Desqueyrouxová
260 _bSVKL
_aBratislava
_c1964
020 _c7,50
041 _aslo
044 _axo
_cSK
999 _c12293
_d12293